|
|
|
|
| LEADER |
00000nam a22000007a 4500 |
| 005 |
20130916182237.0 |
| 007 |
cr|||| |||| |
| 008 |
130916s2013 sp |||||s|||| 00||0 spa d |
| 035 |
|
|
|a 11483
|
| 040 |
|
|
|a vLex
|
| 090 |
|
|
|c 4492
|d 4492
|
| 100 |
1 |
|
|a Arrubarrena Aragn̤, Jos ̌Antonio
|
| 245 |
1 |
3 |
|a El hombre y el estado revolucionario
|h [Recurso electrn̤ico] :
|b Ensayo sobre el orden polt̕ico /
|c Jos ̌Antonio Arrubarrena Aragn̤
|
| 256 |
|
|
|a Servicio en ln̕ea
|
| 260 |
|
|
|a Puebla Mx̌ico :
|b Universidad Popular Autn̤oma del Estado de Puebla,
|c 2013
|
| 300 |
|
|
|a 1 recurso electrn̤ico
|
| 506 |
1 |
|
|a Contenido solo disponible en los productos indicados
|d vLex Global
|d vLex Global (Academic Edition, excluding Law Schools)
|d vLex Global (U.S. Academic Edition, Law Schools)
|d vLex Global (U.S. Academic Edition, excluding Law Schools)
|d vLex Global (Academic Edition, Law Schools)
|
| 650 |
0 |
4 |
|a Ciencia polt̕ica
|z Mx̌ico
|
| 740 |
0 |
|
|a vLex Libros (Servicio en ln̕ea)
|
| 856 |
4 |
0 |
|u http://vlex.com/source/hombre-estado-revolucio-ensayo-orden-politico-11483
|z Acceso restringido
|
| 942 |
|
|
|c BOOK
|
| 999 |
0 |
|
|a Political science
|